| 000 | 00751nam a2200241 i 4500 | ||
|---|---|---|---|
| 001 | 134811 | ||
| 003 | ES-MaACL | ||
| 005 | 20250828030243.0 | ||
| 007 | t| | ||
| 008 | 070629s1971 sp ||||1| spa d | ||
| 080 | _a37.04-053.2 | ||
| 080 | _a37.018.11 | ||
| 100 | 1 |
_aTieche, Mauricio. _9110223 |
|
| 245 | 1 | 0 |
_aGuía de educación familiar / _cMauricio Tieche ; [traducción de Salvador Iserte Badenas]. |
| 250 | _a[1ª ed.]. | ||
| 260 |
_aMadrid : _bSafeliz, _c1971. |
||
| 300 |
_a67 p. con 37 lám. ; _c22 cm. |
||
| 650 | 1 | 7 |
_aEducación familiar _2embne _912106 |
| 650 | 1 | 7 |
_aEducación de niños _2embne _912099 |
| 700 | 1 |
_aIserte Badenas, Salvador. _965563 |
|
| 852 |
_aES-MaACL _jC-40930 _bR.80034 |
||
| 999 |
_c134811 _d134811 |
||